Invisible Capitals of Europe Quiz Stats

 Plays Quiz Updated Jun 4, 2018

Challenge
Share
Tweet
Embed
Score 0/47 Timer 05:00
2 Plays Today
% Correct
London
96.8%
Paris
95.4%
Madrid
93.3%
Berlin
93.1%
Rome
92.8%
Oslo
90.8%
Lisbon
90.8%
Dublin
88.4%
Moscow
87.2%
Stockholm
86.5%
Amsterdam
86.4%
Athens
85.8%
Helsinki
85.1%
Brussels
84.8%
Copenhagen
83.5%
Warsaw
83.1%
Vienna
82.9%
Budapest
81.2%
Bern
81.2%
Prague
79.4%
Vatican City
76.8%
Kyiv
76.2%
Luxembourg
75.8%
Bucharest
73.2%
% Correct
Riga
72.8%
Monaco
71.3%
Sofia
70.2%
San Marino
69.7%
Reykjavik
69.5%
Ankara
68.4%
Tallinn
67.1%
Zagreb
66.1%
Minsk
65.8%
Sarajevo
61.7%
Bratislava
61.2%
Vilnius
59.8%
Belgrade
59.4%
Vaduz
58.8%
Andorra la Vella
58.7%
Nicosia
56.9%
Valletta
56.7%
Tirana
53.9%
Ljubljana
51.6%
Skopje
50.7%
Pristina
47%
Chisinau
46%
Podgorica
43.8%

You're not logged in!

Compare scores with friends on all Sporcle quizzes.
Join for Free
OR
Log In

You Might Also Like...

Show Comments

Extras

Top Quizzes Today


Score Distribution

Your Account Isn't Verified!

In order to create a playlist on Sporcle, you need to verify the email address you used during registration. Go to your Sporcle Settings to finish the process.

Report this User

Report this user for behavior that violates our Community Guidelines.

Details: